000 00514nam a2200181Ia 4500
003 GCL
008 140319s9999 xx 000 0 ara d
040 _aGCL /
_cGCL
082 0 4 _a813.03
_bع ع
100 1 _aعبده جبير
245 1 0 _aعطلة رضوان /
_cعبده جبير
260 _a[S.N] :
_bرامقان للنشر والتوزيع ،
_c1995
300 _a262 ص
490 _aالرواية
_v0
650 0 4 _aالادب العربى
650 0 4 _aالقصص العربية
942 _2ddc
_cBK
999 _c35878
_d35878